समकालीन संस्कृत काव्यशास्त्र एवं विमर्श / (Record no. 212478)

MARC details
000 -LEADER
fixed length control field 00934nam a22001937a 4500
005 - DATE AND TIME OF LATEST TRANSACTION
control field 20250723111410.0
010 ## - LCCN (DPL NO)
LC control number HIN-129922
020 ## - INTERNATIONAL STANDARD BOOK NUMBER
International Standard Book Number 9788195392636
Terms of availability 400.00
035 ## - SYSTEM CONTROL NUMBER
System control number HN-102268
037 ## - SOURCE OF ACQUISITION
Source of stock number/acquisition DBAD/PUB
082 ## - DEWEY DECIMAL CLASSIFICATION NUMBER
Classification number 813
100 ## - MAIN ENTRY--PERSONAL NAME
Personal name पण्डया प्रवीण
245 ## - TITLE STATEMENT
Title समकालीन संस्कृत काव्यशास्त्र एवं विमर्श /
Statement of responsibility, etc प्रवीण पण्डय
246 ## - VARYING FORM OF TITLE
Title proper/short title
260 ## - PUBLICATION, DISTRIBUTION, ETC. (IMPRINT)
Place of publication, distribution, etc जयपुर
Name of publisher, distributor, etc राष्ट्रीय संस्कृत साहित्य केन्द्र
270 ## - ADDRESS
Address 222 सरस्वती सदन, बिहारीजी की गली, सौखियो का रास्ता, किशनपोल बाजार, जयपुर- 302001
300 ## - PHYSICAL DESCRIPTION
Extent 144पृ.
Other physical details 21.7सेमी (सजिल्द)
942 ## - ADDED ENTRY ELEMENTS (KOHA)
Source of classification or shelving scheme Dewey Decimal Classification
Item type Hindi Books
Classification part 813
Call number suffix पण्डय
Holdings
Withdrawn status Lost status Not for loan Collection code Home library Current library Date acquired Source of acquisition Cost, normal purchase price Full call number Barcode Copy number Cost, replacement price Koha item type
      Non-fiction Central Library Central Library 23/07/2025 DBAD 400.00 813 पण्डय HN-102268 1 400.00 Hindi Books

© Delhi Public Library
Hit Counter
free hit counter